LEADER 00999nam a2200253 a 4500 001 000000131619 003 CaOOAMICUS 005 20121123145213.0 008 121123s1980 it u000 u ita r 040 $aPUL$bita 100 1 $aCastronovo, Valerio,$d1935-$0(OLS)http://pul/name/4302 245 12$aL'industria italiana dall'Ottocento a oggi /$cValerio Castronovo. 260 $aMilano :$bA. Mondadori,$c1980. 300 $aVI, 410 p. ;$c20 cm 490 1 $aGli Oscar Studio ;$v83 650 4$aIndustria$zItalia$xStoria.$0(OLS)http://pul/subject/36176 830 4$aGli Oscar Studio ;$v83.$0(OLS)http://pul/title/77595 850 $aPUL 852 $aPUL$W1$xDP1 Fondo E. Rossi$y115$m1 C 39$j41979$qFondi$B150843$CPULBib$Z2$F150843 $82 941 1 $a1 961 $aSul dorso collocazione ms. di E. Rossi: C 26 1 996 $6245$aL'industria italiana dall'Ottocento a oggi$9(OLS)http://pul/title/166282 996 $6260$aMilano :$bA. Mondadori$9(OLS)http://pul/publisher/48249 LEADER 01014nam a2200265 u 4500 001 000000079502 003 CaOOAMICUS 005 20070226123539.0 008 040604s1999 it u000 u ita u 020 $a88-13-22147-9 (v.1) 035 $a10997923 040 $aPUL$bita 100 1 $aAttardi, Aldo.$0(OLS)http://pul/name/52957 245 10$aDiritto processuale civile /$cAldo Attardi. 250 $a3. ed. 260 $aPadova :$bCEDAM,$c1999- 300 $av. < 1> ;$c24 cm 505 1 $av.1: " Parte generale" -- 650 4$aProcedura civile$zItalia$xManuali.$0(OLS)http://pul/subject/27610 850 $aPUL 852 $aPUL$W1$xSL Diritto e Scienze Sociali 3$y79$m347. 45 ATTAL 1$j101725$nBK-PRI$av. 1$qDDC 21$B101725$CPULBib$Z2$F101725 $H94754 $82 941 1 $a9 996 $6020$a88-13-22147-9 (v.1)$9(OLS)http://pul/number/104568 996 $6245$aDiritto processuale civile$9(OLS)http://pul/title/54747 996 $6260$aPadova :$bCEDAM$9(OLS)http://pul/publisher/48126